000 01377nam a2200325 c 4500
003 BLK
005 20230803005153.0
008 180411b bul|||||r ||||||| ||bul||
010 _aKNG00181473000
040 _aBLK
041 _aBUL
_cBUL
080 _aБългарска литература
_b821.163.2
_x-8
_z821.163.2-8
139 _aСептемврийска литература
_bС 33
245 1 0 _aСептемврийска литература
_cпредг. от Тончо Жечев.
250 _a2. изд.
257 _aBGR
260 София
_bБълг. писател
_c1967
300 _a212 с.
_c21 см
380 _aX
500 _a1. изд. 1966. - 20 100 тир. - Библиогр. с. 205-208. Сб. от худож. произведения за Септемврийското въстание 1923 г.
650 4 _aСептемврийско въстание 1923 - в художествената литература
_9274924
653 _aСептемврийско въстание 1923
700 _aЖечев, Тончо
_gТонев, Тончо Жечев
_eпредг. от
_9249780
852 _aЦб 42053
856 4 _qpdf
_u
856 4 _qpdf
_u
942 _cKNG
_n0
944 _aCR
_c10.09.2015
_lCRON CRON
_k
944 _aED
_c10.09.2015
_lф /
_kЛюдмила_Стоянова
999 _c173093
_d173093